| 000 | 003270000a22001450004500 | ||
|---|---|---|---|
| 001 | 003028 | ||
| 003 | MACL | ||
| 040 | _aMACL | ||
| 090 |
_c15021 _d15020 |
||
| 100 | _aBesant, Annie | ||
| 245 |
_aThe Bhagavad Gita _cAnnie Besant |
||
| 260 |
_aThe Theosophical Publishing House, _c1997 |
||
| 650 | _aReligion | ||
| 942 |
_k295 _cBook |
||
| 999 |
_c14934 _d14934 |
||